All X-Men Movies - Statistics

General Stats
  • This quiz has been taken 151 times
  • The average score is 13 of 17
Answer Stats
# Year Movie Company % Correct
1 2000 X-Men Fox
99%
15 TBD X-Men Disney/ Fox
99%
4 2009 X-Men Origins: Wolverine Fox
97%
6 2013 The Wolverine Fox
93%
3 2006 X-Men: The Last Stand Fox
91%
8 2016 Deadpool Fox
89%
9 2016 X-Men: Apocalypse Fox
89%
7 2014 X-Men: Days of Future Past Fox
89%
5 2011 X-Men: First Class Fox
89%
11 2018 Deadpool 2 Fox
87%
12 2019 X-Men: Dark Phoenix Fox
87%
10 2017 Logan Fox
86%
2 2003 X-2: X-Men United Fox
85%
13 2020 The New Mutants Fox
71%
14 TBD Deadpool 3 Disney/ Fox
56%
16 TBD Wolverine V.S. Hulk Disney/ Fox/ Universal
3%
17 TBD Fantastic Four V.S. the X-Men Disney/ Fox
2%
No matching quizzes found
Score Distribution
Percent of People with Each Score
Percentile by Number Answered
Your Score History
You have not taken this quiz